[Event "AUT2W-chT 2000/01"]
[Site "?"]
[Date "2000.10.27"]
[Round "1.3"]
[White "Lawitsch, Guenther"]
[Black "Heilinger, Dietmar"]
[Result "1/2-1/2"]
[WhiteElo "2264"]
[BlackElo "2199"]
[Annotator "Herbrechtsmeier"]
[PlyCount "49"]
[EventDate "2000.??.??"]
[WhiteTeam "RUM"]
[BlackTeam "Bregenz"]

1. e4 e6 2. d4 d5 3. Nd2 dxe4 4. Nxe4 Nd7 5. Nf3 Ngf6 6. Nxf6+ Nxf6 7. Bc4 {
Wird selten gespielt} 7... c5 8. Be3 Qb6 (8... Nd5 $2 9. Bxd5 exd5 10. dxc5 {
1-0 Firman,N-Alexandrova,O/Alushta 2002/EXT 2003 (22)}) 9. Bb3 Bd7 10. Ne5 Bb5
11. a4 (11. c4 Bc6 12. O-O Rd8) 11... cxd4 12. Bxd4 Bc5 13. Bxc5 Qxc5 14. Nxf7
Kxf7 15. axb5 Rhd8 16. Qe2 Qb4+ 17. Kf1 Rd2 18. Qxe6+ Kg6 19. g4 (19. Qf7+ Kh6
20. Qxb7 Re8 $1) 19... Qf4 20. Qf7+ Kh6 21. g5+ Qxg5 22. Rg1 Rxf2+ $1 {
Jetzt hat Schwarz ein Dauerschach} 23. Kxf2 Qf4+ 24. Kg2 Rd8 25. Rad1 {
Mit 5 Spielern wurde gegen Bregenz mit 3,5 Punkten gewonnen!} (25. Rad1 Rxd1 (
25... Qg4+) 26. Rxd1 Qg4+ 27. Kf2 Qxd1 28. Qxb7 {bringt nichts ein}) 1/2-1/2

[Event "AUT2W-chT 2000/01"]
[Site "?"]
[Date "2000.11.25"]
[Round "4.5"]
[White "Kobler, Mario"]
[Black "Hengl, Christian"]
[Result "0-1"]
[WhiteElo "2166"]
[BlackElo "2230"]
[Annotator "Herbrechtsmeier"]
[PlyCount "50"]
[EventDate "2000.??.??"]
[WhiteTeam "Hohenems II"]
[BlackTeam "RUM"]

1. Nf3 f5 2. b3 d6 3. d3 e5 4. Nbd2 Nf6 5. e4 Nc6 6. Bb2 Be7 7. Be2 O-O 8. exf5
Bxf5 9. Nf1 Nd5 10. Ng3 Bg6 11. O-O Nf4 12. d4 exd4 13. Nxd4 Nxd4 14. Qxd4
Nxe2+ 15. Nxe2 Rf7 (15... Bf6 16. Qd5+ Bf7 17. Bxf6) 16. Qd2 Qd7 17. c4 {
Weis hat scheinbar das Schlimmste uberstanden, aber Schwarz besitzt das
Lauferpaar} 17... Raf8 18. Nc3 Qg4 19. f3 Qf5 20. Nd5 $6 (20. Ne4 {
war angezeigt}) 20... Bg5 21. Qd4 c6 22. Nc3 $2 {Kein ruhiges Platzchen} (22.
Ne3) 22... Qc2 23. Rf2 c5 $1 24. Rxc2 (24. Qd1 Be3) 24... cxd4 25. Ne4 Be3+ {
4-2 gegen Hohenems II} 0-1

[Event "AUT2W-chT 2000/01"]
[Site "?"]
[Date "2001.01.12"]
[Round "6.1"]
[White "Herbrechtsmeier, Christof"]
[Black "Lanka, Zigurds"]
[Result "1/2-1/2"]
[WhiteElo "2336"]
[BlackElo "2501"]
[Annotator "Herbrechtsmeier"]
[PlyCount "127"]
[EventDate "2000.??.??"]
[WhiteTeam "RUM"]
[BlackTeam "Zillertal"]

1. e4 c5 2. Nf3 Nc6 3. d4 cxd4 4. Nxd4 Nf6 5. Nc3 d6 6. Bc4 e6 7. Be3 Be7 8.
Qe2 a6 9. Bb3 Qc7 10. O-O-O O-O 11. Rhg1 b5 (11... Nd7 12. g4 Nc5 13. Nf5 b5
14. Bd5 Bb7 15. g5 $1) 12. g4 b4 (12... Na5 13. g5 Nxb3+ 14. axb3 Nd7 15. f4 b4
16. Nf5 exf5 17. Nd5 Qd8 18. exf5 Re8 19. Bd4) 13. g5 (13. Nxc6 Qxc6 14. Nd5 {
ist eine andere Variante.}) 13... bxc3 14. gxf6 cxb2+ 15. Kb1 Bxf6 16. Qf3 ({
Mit} 16. Qc4 Bd7 17. Bh6 Rac8 18. Rxg7+ {
war Gerhard Kiefer (GK) 1989 gegen Stefan Martin erfolgreich.}) 16... Be5 (
16... Bxd4 17. Bxd4 Nxd4 $4 (17... f6) 18. Rxg7+ {
bescherte GK 1977 (!) einen Kurzsieg in der Oberliga gegen Lang (Seckenheim).})
(16... Kh8 $1 17. Nxc6 Qxc6 18. Bh6 (18. Bg5 $5) 18... Rg8 (18... Qc3 $2 19.
Rd3 Qc5 $4 20. Qxf6 {1-0 Herbrechtsmeier,C (CH)-Brauner/Boblingen 1992}) 19.
Qxf6 gxf6 20. Rxg8+ Kxg8 21. Rg1+ Kh8 22. Bg7+ Kg8 23. Bh6+ $11) 17. Bh6 g6 (
17... Nxd4 $4 18. Bxg7 $1 Nxf3 19. Bxe5+ $18) 18. Qc3 (18. Nxc6 Qxc6 19. Bxf8
Kxf8 20. Qe3 {1-0 Kountz,J-Martin,S/Mannheim 1990/GER (68)}) 18... Bd7 19. f4
Bh8 (19... Bxd4 $6 20. Rxd4 e5 21. fxe5 dxe5 22. Rd2) (19... Bf6 20. Bxf8 (20.
f5 $2 Rfc8 21. fxe6 Bxe6 22. Nxe6 Bxc3 23. Nxc7 Rxc7 24. Rxd6 Be5 25. Rd5 {
1/2-1/2 GK-Hofrichter,J/LL 1999 (42)}) (20. Qc4 $6 Rfc8 21. Nf5 d5 22. exd5
exf5 (22... Na7 $1 23. Qxc7 Rxc7 24. Nd6 Rb8) 23. d6 Be6 24. Qxe6 fxe6 25. dxc7
Rxc7 26. Bxe6+ Kh8 27. Rd6 Be7 28. Rxc6 Rxc6 29. Bd5 {
1/2-1/2 GK-Weindl,A/SWZ 1993 (34)}) 20... Rxf8 21. Qc4 (21. Ba4 Rc8 22. Bxc6 (
22. e5 dxe5 23. Nf3 Nb8) 22... Bxc6 23. Qxc6 Qxc6 24. Nxc6 Rxc6 25. Rg3 {
1/2-1/2 Matulovic,M-Nikitin,A/Kislovodsk 1966/MCL (70)}) 21... Qb6 22. Nxc6
Bxc6 23. f5 Bb5 24. Qb4 Qc5 (24... Be5 25. fxe6) 25. Qxc5 dxc5 26. a4 c4 27.
axb5 cxb3 28. bxa6 bxc2+ 29. Kxc2 Rc8+ 30. Kb1 $16 {
0-1 CH-Weindl,A/BM Donaueschingen 1985 (46)}) 20. Qc4 $6 ({Besser} 20. Bxf8
Rxf8 21. Qc4 {Lanka}) 20... Rfd8 (20... Rfc8 $2 21. Nf5 $1 d5 22. exd5 exf5 23.
d6 Be6 24. Qxe6 fxe6 25. dxc7 {
mit einem schonen Sieg in GK-Weindl, Baden cup final 1984 (33)}) (20... d5 21.
exd5 exd5 22. Nxc6 Bxc6 23. Rxd5 {unklar}) (20... Rfb8 $5 {
ein Computervorschlag} 21. Nf5 Rb7 (21... Rb4 $4 22. Ne7+) 22. Rxd6 {
ein Vorschlag von Weindl (24.02.01)} (22. Nxd6 $2 Rb4 23. Qc5 Bd4 $1 $19) 22...
a5 $1 (22... Be8 23. Rxe6 $1) (22... Re8 23. Rgd1 Nb8 24. Rxd7 Nxd7 25. Nd6)
23. a4 (23. Rgd1 Be8 $1) 23... Be8 24. Rxe6 Qb6 25. Rg2 Qb4 26. Qxb4 Rxb4 27.
Rxe8+ Rxe8 28. Nd6 Re7 29. e5) 21. f5 Nxd4 $1 {Stark.} 22. Qxc7 Nb5 23. Qxd6 $1
{Als Gewinnversuch gedacht.} (23. Qa5 Nc3+ 24. Kxb2 Nxd1+ 25. Kc1 Nc3) 23...
Nxd6 $2 (23... Nc3+ 24. Kxb2 Nxd1+ 25. Kc1 Nc3) 24. Rxd6 Be8 (24... Be5 25.
Rxd7 $1 Rxd7 26. fxe6 Rdd8 27. exf7+ Kh8 28. Rf1 Bg7 29. Bg5 $18) 25. Rxe6 $1 {
Offenbar von Lanka ubersehen.} 25... fxe6 26. fxe6 Bg7 {mit Remisangebot!} (
26... Rdb8 $2 27. Rf1 Bg7 28. e7+ Bf7 29. Bxf7+ Kh8 30. Bxg7+ Kxg7 31. Bd5 $18)
27. e7+ Kh8 28. Bxg7+ Kxg7 29. exd8=Q Rxd8 30. Bd5 $1 Rb8 31. Rf1 g5 32. Rf5 g4
33. Rg5+ Bg6 34. Rxg4 Kf6 35. Rg3 Ke5 36. Rb3 Rf8 37. Kxb2 Rf2 38. h3 Rh2 {
S hat zwei Bauern weniger, aber maximale Aktivitat} 39. a4 (39. Bb7 $1 {
sollte gewinnen:} 39... h5 40. Bxa6 Bxe4 41. Bd3 Bd5 42. Rb5 Kd4 43. Rb4+ Ke5
44. Rh4 Bf3 45. Kc3 Bg4 46. Bg6 Bd1 47. Bxh5 Bxc2 48. Bg4) 39... Bxe4 40. Bxe4
Kxe4 41. a5 Kd5 42. Rd3+ Kc4 43. Rf3 Rd2 44. Rf7 Rd5 45. Rc7+ Kd4 46. Rxh7 Rb5+
47. Kc1 Rxa5 48. Rd7+ Kc3 49. Rd3+ Kc4 50. Kb2 Rh5 51. Rg3 Rb5+ 52. Ka2 Rh5 53.
Ra3 Kb4 54. Kb2 Rh6 55. Rg3 Kc5 56. Kb3 Rh4 57. Rc3+ Kb5 58. Rg3 Rh5 59. Ka3
Rh4 60. Rb3+ Kc5 61. Kb2 Rh5 62. Ka2 Rh4 63. Ka3 Rc4 64. Kb2 1/2-1/2

[Event "AUT2W-chT 2000/01"]
[Site "?"]
[Date "2001.03.24"]
[Round "10.1"]
[White "Herbrechtsmeier, Christof"]
[Black "Stangl, Markus"]
[Result "1-0"]
[WhiteElo "2336"]
[BlackElo "2479"]
[Annotator "Herbrechtsmeier"]
[PlyCount "89"]
[EventDate "2000.??.??"]
[WhiteTeam "RUM"]
[BlackTeam "Jenbach"]

1. e4 c5 2. Nf3 e6 3. d4 cxd4 4. Nxd4 a6 5. Bd3 Bc5 6. Nb3 Be7 {
Normalerweise spielt Stangl hier das Raupp-System mit ...La7} 7. c4 d6 8. O-O
Nf6 9. Nc3 O-O 10. Qe2 Qc7 11. Be3 b6 12. Rac1 Bb7 13. f3 Nbd7 14. Rfd1 Rac8
15. Qf2 Rfe8 16. Be2 Bd8 {S will ...Db8 nebst ...Lc7 oder ...Da8 spielen
(kommt in der Partie aber nicht mehr dazu)} 17. Na4 Qc6 {Nach 17...Lc6 18.Sc3
muss S stets mit c4-c5 rechnen, aber hier ist die Dame deplaciert} 18. Nc3 Ba8
$6 {Am vernunftigsten ist 18...Dc7 und Zugwiederholung} 19. Qf1 Bb7 $2 {
Es drohte c4-c5, aber jetzt verliert S sofort.} (19... Bc7 20. Nd4 Qb7 (20...
Qc5 $5) 21. c5 Nb8 22. c6 Qa7 23. b4) 20. Nb5 $1 ({Mein erster Gedanke war} 20.
Nd4 Qc7 21. Ndb5 axb5 22. Nxb5 Qb8 23. Nxd6 Bc7 24. Nxe8 Bxh2+ 25. Kh1 Nh5 26.
Bf2 {, damit kannte ich das Motiv...}) 20... Ng4 21. Bd2 (21. Bf4 e5 22. Rxd6
exf4 23. Rxc6 {ist auch nicht schlecht}) 21... Ngf6 22. Bb4 (22. N3d4 $1 Qc5
23. b4 {nebst f4 geht auch}) 22... axb5 23. cxb5 Qxc1 24. Rxc1 Rxc1 25. Qxc1 d5
{S hat ein wenig Gegenspiel. Fruher oder spater wird W jedoch am Damenflugel
einen Freibauern bilden} 26. Nd4 $1 dxe4 27. Nc6 Nd5 28. Nxd8 Rxd8 29. fxe4 Rc8
30. Qd2 N5f6 31. Bf3 $2 {Ungenau!} (31. Bc3 {nebst Dd6}) 31... h6 $2 {
Nach 31...Lxe4 scheitert 32.Lxe4 Sxe4 33.Dxd7??, und W muss die Partie mit 32.
Dd6 noch einmalgewinnen} 32. Bc3 e5 33. Qd6 Rc5 34. Bg4 $1 {Entscheidend} 34...
Bc8 35. Bxd7 Nxd7 36. a4 Kh7 37. a5 Rxb5 38. a6 $1 Nf6 39. a7 Bb7 40. b4 $1
Bxe4 41. a8=Q Bxa8 42. Qd3+ Ne4 43. Qxb5 Nxc3 44. Qxe5 Nd5 45. Qf5+ 1-0

[Event "AUT2W-chT 2001/02"]
[Site "?"]
[Date "2001.10.12"]
[Round "1.6"]
[White "Lair, Gebhard"]
[Black "Muehlbacher, Bernhard"]
[Result "0-1"]
[WhiteElo "2000"]
[BlackElo "2020"]
[Annotator "Herbrechtsmeier"]
[PlyCount "46"]
[EventDate "2001.??.??"]
[WhiteTeam "ISK"]
[BlackTeam "RUM"]

1. d4 g6 2. c4 Bg7 3. Nc3 d6 4. e4 Nd7 5. Nf3 e5 6. dxe5 dxe5 7. Be2 Ne7 8. O-O
O-O 9. Qc2 Nc6 10. Bg5 Nd4 11. Nxd4 Qxg5 12. Nf3 Qd8 13. Rad1 c6 14. b4 a5 15.
a3 axb4 16. axb4 Qe7 17. c5 b5 18. cxb6 Nxb6 19. b5 cxb5 20. Bxb5 $6 Qc5 21.
Rb1 $2 (21. Rd3) 21... Bg4 22. Nd2 Rfc8 23. Rbc1 (23. Rfc1 Bh6 24. h3 Be6 25.
Rb2 Ra3) 23... Bh6 {4-2 gegen ISK} 0-1

[Event "AUT2W-chT 2001/02"]
[Site "?"]
[Date "2001.10.13"]
[Round "2.1"]
[White "Lanka, Zigurds"]
[Black "Bromberger, Stefan"]
[Result "1/2-1/2"]
[WhiteElo "2490"]
[BlackElo "2353"]
[Annotator "Herbrechtsmeier"]
[PlyCount "59"]
[EventDate "2001.??.??"]
[WhiteTeam "Zillertal"]
[BlackTeam "RUM"]

1. e4 c5 2. Nf3 d6 3. d4 cxd4 4. Nxd4 Nf6 5. Nc3 a6 6. Be3 Ng4 7. Bc1 Nf6 8.
Be2 e6 9. Be3 Be7 10. f4 Qc7 11. g4 d5 12. e5 (12. exd5 Bb4) 12... Ne4 13. Nxe4
dxe4 14. h4 (14. Qd2 Bh4+ 15. Bf2 Bxf2+ 16. Kxf2 O-O 17. g5) 14... Nd7 (14...
b5 15. c4 bxc4 16. Qa4+ {
1/2-1/2 Bologan,V-Ftacnik,L/Moscow 1994/CBM 44 ext (67)}) 15. Qd2 (15. g5 b5
16. Qd2 Nb6 17. O-O-O Nd5 18. h5 Bb4 19. c3 Bc5 20. Kb1 Bb7 {
1-0 Nevednichy,V-Shneider,A/Tivat 1995/CBM 48 ext/[Dolmatov] (51)} 21. g6 Bxd4
22. gxf7+ Qxf7 23. Qxd4 O-O) (15. c4 $5 b6 (15... Nc5 16. Qd2) 16. Qc2 Bb7 17.
O-O-O {1/2-1/2 Bologan,V-Novikov,I/St Petersburg 1995/CBM 46 ext (20)}) 15...
b5 16. O-O-O Bb7 17. Kb1 Nb6 18. Qe1 Rc8 19. g5 Nd5 20. Bg4 Nxe3 21. Qxe3 Bd5
22. Rh2 Qc4 23. Nb3 Bc5 24. Qg3 g6 25. h5 Ke7 26. Rc1 $2 ({Besser ist} 26. Be2
Qa4 27. hxg6 fxg6 28. Rdh1) 26... Bb6 27. Be2 Qc6 28. Qe1 a5 29. Rh3 e3 30. Bd3
{3-3 gegen Zillertal} (30. Bd3 b4 (30... a4 $2 31. Qb4+) 31. Ba6 Ra8 32. Bd3
Bf3 33. hxg6 hxg6 34. Rh6 Rhd8 35. Rh7 Be4 $15) 1/2-1/2

[Event "AUT2W-chT 2001/02"]
[Site "?"]
[Date "2002.01.13"]
[Round "8.3"]
[White "Astl, Peter"]
[Black "Kratochwil, Christian"]
[Result "0-1"]
[WhiteElo "2264"]
[BlackElo "2246"]
[Annotator "Herbrechtsmeier"]
[PlyCount "108"]
[EventDate "2001.??.??"]
[WhiteTeam "Wörgl"]
[BlackTeam "RUM"]

1. d4 Nf6 2. Nf3 g6 3. Bf4 Bg7 4. e3 d6 5. h3 O-O 6. Nbd2 Nbd7 7. c3 e6 8. Be2
Qe7 9. O-O b6 10. Qc2 Bb7 11. Bh2 e5 12. dxe5 dxe5 13. a4 a6 14. a5 b5 15. c4
c6 16. Rfc1 Rac8 17. c5 Nd5 18. Ne4 Rc7 19. Nd6 Rd8 20. e4 Nf4 21. b4 Nf8 22.
Bf1 (22. Bxf4 exf4 23. Ra3) 22... Bc8 23. Re1 Qf6 24. Ra3 h5 25. h4 Nh7 26.
Bxf4 exf4 27. e5 Qe7 28. Qe4 Bh6 29. Nd4 Be6 30. Nxe6 Qxe6 31. g3 fxg3 32. Rxg3
Nf8 33. f4 (33. Bh3 Qd5 34. Qxd5 cxd5 35. e6) 33... Qd5 34. Qxd5 cxd5 35. f5
Bd2 36. Rb1 Bf4 37. Rd3 Bxe5 38. Rxd5 Bf6 39. Rbd1 Bxh4 {
Ein spannendes Zeitnotfinale!} 40. Nxb5 $6 ({Besser ist} 40. Bxb5 axb5 41. Nxb5
Rxd5 42. Rxd5 Re7 $2 (42... Rc8) (42... Rc6 43. Rd6 Rc8) 43. a6 Re1+ 44. Kg2
Ra1 45. c6 $1 (45. Nc7 g5 46. b5 Ra2+ $11) 45... Rxa6 46. c7 Rc6 47. Rc5) 40...
Rxd5 41. Rxd5 axb5 42. Bxb5 Bf6 $1 43. Rd3 (43. fxg6 {reduziert Material})
43... gxf5 44. c6 $2 (44. a6 Ne6 45. Rd7 Rxd7 46. Bxd7 Nc7 47. a7 {ist remis})
44... Ne6 {Der Springer greift jetzt entscheidend ein} 45. Ba4 (45. Rd7 Kf8)
45... Nf4 46. Rb3 Bd4+ (46... Ne2+ {nebst Sc3 gewinnt auch}) 47. Kh1 Re7 {
Mattangriff!} 48. b5 (48. Rb1 Re3 49. Rb3 Re1+ 50. Kh2 h4 {nebst Lg1+}) 48...
h4 49. a6 {Bei anderen Zugen dauert es etwas langer} 49... Re1+ {# in 8} 50.
Kh2 Re2+ 51. Kh1 Nh5 52. c7 Ng3+ 53. Rxg3+ hxg3 54. c8=Q+ Kg7 {
3,5-2,5 gegen Worgl} (54... Kg7 55. Qc2 g2+ 56. Kh2 g1=Q+ 57. Kh3 Qg4#) 0-1

[Event "AUT2W-chT 2001/02"]
[Site "?"]
[Date "2002.03.08"]
[Round "9.1"]
[White "Herbrechtsmeier, Christof"]
[Black "Bezler, Rainer"]
[Result "1-0"]
[WhiteElo "2345"]
[BlackElo "2269"]
[Annotator "Herbrechtsmeier"]
[PlyCount "75"]
[EventDate "2001.??.??"]
[WhiteTeam "RUM"]
[BlackTeam "Lustenau"]

1. e4 c5 2. Nf3 d6 3. d4 cxd4 4. Nxd4 Nf6 5. Nc3 a6 6. Bg5 e6 7. f4 b5 {
Die Polugaevski-Variante} 8. e5 dxe5 9. fxe5 Qc7 10. exf6 (10. Qe2 {Simagin}
10... Nfd7 11. O-O-O Bb7) 10... Qe5+ 11. Be2 Qxg5 12. Qd3 $1 Qxf6 (12... Ra7 {
ist der Alternativzug}) 13. Rf1 Qe5 {Gilt als bestes} 14. Rd1 Ra7 15. Nf3 Qc7
16. Ng5 {von K.H. Maeder in "FERNSCHACH" 07/1979 empfohlen} 16... f5 17. Qd4
Nc6 $6 (17... h5) (17... Qe7) (17... e5 $5) 18. Bh5+ g6 19. Qxh8 gxh5 20. Nce4
Qe5 21. Qxe5 Nxe5 22. Nd6+ (22. Nf6+ $1 Ke7 23. Ngxh7) 22... Bxd6 23. Rxd6 Rc7
(23... Nc4) 24. Rf2 Ke7 25. Rd4 Nc4 26. c3 Kf6 27. Ne4+ Kg6 28. Nd6 e5 29. Rd3
h4 30. Nxc4 Rxc4 31. Rd6+ Kg5 32. Rfd2 f4 33. Kf2 h5 34. R2d5 Kf5 35. Rh6 Kg5
36. Rdd6 b4 37. Rdg6+ Kf5 38. Rc6 {ZU 3-3 gg. Lustenau} (38. Rf6+ Ke4 39. Rc6)
1-0

[Event "AUT2W-chT 2001/02"]
[Site "?"]
[Date "2002.03.08"]
[Round "9.2"]
[White "Sucher, Johannes"]
[Black "Kratochwil, Christian"]
[Result "0-1"]
[WhiteElo "2234"]
[BlackElo "2246"]
[Annotator "Herbrechtsmeier"]
[PlyCount "70"]
[EventDate "2001.??.??"]
[WhiteTeam "Lustenau"]
[BlackTeam "RUM"]

1. d4 Nf6 2. Bg5 Ne4 3. Bh4 c5 4. f3 g5 5. fxe4 gxh4 6. e3 Bh6 7. Qd3 Nc6 8. c3
Qb6 9. b3 d6 10. Nd2 Bd7 11. Ngf3 h3 12. g3 Bg4 13. Be2 (13. Ng1 O-O-O 14. Bxh3
Bxh3 15. Nxh3 cxd4 16. exd4 d5) 13... O-O-O 14. Nh4 Bxe2 15. Qxe2 cxd4 16. Nc4
Qc7 17. cxd4 $2 d5 18. Qh5 dxc4 19. Qxh6 Qa5+ 20. Ke2 Qc3 21. Rhd1 Qc2+ 22. Kf1
Qxh2 23. Qf4 Rhg8 24. bxc4 Rxg3 (24... Nxd4 25. exd4 Rxg3 26. Qf2 Qh1+ 27. Ke2
Qxe4+ 28. Kf1 Qxh4) 25. Qf2 Qxf2+ 26. Kxf2 Rg4 27. Nf5 Rg2+ 28. Kf3 Rdg8 29. d5
(29. Rh1 e6 30. Nd6+ Kd7 31. e5 R8g3+ 32. Ke4 f5+) 29... Ne5+ 30. Kf4 Ng6+ 31.
Kf3 e6 32. Nd6+ (32. Nh6 e5 33. Nf5 Nh4+ 34. Nxh4 R8g3#) 32... Kb8 33. Nxf7 $2
e5 34. Nxe5 Rf8+ 35. Nf7 Rxf7# 0-1

[Event "AUT2W-chT 2002/03"]
[Site "?"]
[Date "2002.10.11"]
[Round "1.6"]
[White "Muehlbacher, Bernhard"]
[Black "Endthaler, Arnold"]
[Result "1-0"]
[WhiteElo "2043"]
[BlackElo "1972"]
[Annotator "Herbrechtsmeier"]
[PlyCount "87"]
[EventDate "2002.??.??"]
[WhiteTeam "RUM"]
[BlackTeam "Inter Salzburg"]

1. c4 Nf6 2. Nc3 g6 3. g3 Bg7 4. Bg2 O-O 5. e3 c6 6. Nge2 d6 7. d4 e5 8. O-O a5
9. a3 Qe7 10. f3 Be6 11. d5 cxd5 12. cxd5 Bd7 13. e4 b5 14. Be3 Na6 15. Nc1 Nc5
16. Nd3 Nxd3 17. Qxd3 b4 18. axb4 axb4 19. Nb5 Bxb5 20. Qxb5 Rab8 21. Qa5 Qb7
22. Qa6 Rfd8 23. Rfc1 Bf8 24. Bh3 h6 25. Rc6 (25. Qc6 $1) 25... Nh7 26. Qc4 Qe7
27. Rc7 Qf6 28. Bg2 Ng5 29. Kf2 h5 30. h4 Nh7 31. Raa7 g5 32. hxg5 Nxg5 33.
Bxg5 Qxg5 34. Rxf7 h4 35. gxh4 Qxh4+ 36. Kf1 Rbc8 37. Rfc7 Rb8 38. Qc1 Bh6 39.
Qe1 Qxe1+ $2 40. Kxe1 Be3 41. Rg7+ Kh8 42. Rh7+ Kg8 43. Rag7+ Kf8 44. Bh3 1-0

[Event "AUT2W-chT 2002/03"]
[Site "?"]
[Date "2002.10.12"]
[Round "2.5"]
[White "Ljubic, Juro"]
[Black "Kapferer, Romed"]
[Result "1-0"]
[WhiteElo "2226"]
[BlackElo "1995"]
[Annotator "Herbrechtsmeier"]
[PlyCount "103"]
[EventDate "2002.??.??"]
[WhiteTeam "Schwarzach"]
[BlackTeam "RUM"]

1. e4 c6 2. c4 d5 3. exd5 cxd5 4. d4 Nf6 5. Nc3 e6 6. a3 Be7 7. Nf3 O-O 8. c5
b6 9. b4 a5 10. Be3 Ne4 11. Nxe4 dxe4 12. Ne5 f5 13. f4 exf3 14. Qxf3 Ra7 15.
Rd1 axb4 16. axb4 Ra3 17. Bd3 Ba6 18. b5 Bxb5 19. Bxb5 f4 20. Bd3 fxe3 21. Qxe3
Rxd3 22. Qxd3 (22. Nxd3 bxc5 23. Qxe6+ Kh8 24. Ne5 Qa5+) 22... bxc5 23. Qb3
Bh4+ (23... Qa5+ $1 24. Rd2 (24. Ke2 Qa6+ 25. Qc4) 24... Qa1+ 25. Qd1 Bh4+ 26.
g3 Qa8 $1) 24. g3 Qf6 25. Qe3 cxd4 26. Qe2 Bg5 27. Rf1 Qxf1+ 28. Qxf1 Rxf1+ 29.
Kxf1 Bf6 30. Ng4 e5 31. Rc1 Kf7 (31... Nd7 32. Rc7 h5) 32. Rc7+ Kg6 $6 33. Rb7
Nc6 34. Rb6 Ne7 35. Nxe5+ Kf5 36. Nd7 Nd5 37. Rb5 Ke4 38. Nxf6+ Nxf6 39. Rb7 g6
40. Ke2 h5 41. h3 g5 42. Re7+ Kf5 43. Kd3 h4 44. gxh4 gxh4 45. Kxd4 Ng8 46. Rh7
Nf6 47. Rxh4 Kg5 48. Rh8 Kf4 49. Rf8 Kg5 50. Ke3 Nd5+ 51. Kf3 Ne7 52. Ra8 1-0

[Event "AUT2W-chT 2002/03"]
[Site "?"]
[Date "2002.11.30"]
[Round "5.4"]
[White "Mittelberger, Peter"]
[Black "Hengl, Christian"]
[Result "1/2-1/2"]
[WhiteElo "2259"]
[BlackElo "2206"]
[Annotator "Herbrechtsmeier"]
[PlyCount "37"]
[EventDate "2002.??.??"]
[WhiteTeam "Wörgl"]
[BlackTeam "RUM"]

1. e4 e6 2. d4 d5 3. Nc3 Nf6 4. Bg5 Bb4 {
Christian ist ein Spezialist der Mac Cutcheon Variante} 5. e5 h6 6. Bd2 Bxc3 7.
bxc3 Ne4 8. Qg4 g6 (8... Kf8 9. h4 c5 10. Bd3 Nxd2 11. Kxd2 Nc6 12. Rh3 c4 13.
Be2 b5 14. Qf4 Bd7 {Fruhauf-Hengl/2003}) 9. Bd3 Nxd2 10. Kxd2 c5 11. h4 (11.
Nf3 Bd7 $5 (11... Nc6) 12. h4 Bc6 13. Qf4 Nd7 14. a4 Qe7 {Hagen-Hengl/2001})
11... Qa5 (11... Kf8) 12. Rh3 $6 (12. Nf3 Nc6 13. Qf4 b6 (13... cxd4 14. Nxd4 (
14. h5 $5) 14... Nxd4 15. Qxd4 $14) 14. Rhb1 (14. h5 {
Sulskis,S-Savchenko,S/Minsk 1996/CBM 54}) 14... Ba6 15. a4 Bxd3 16. cxd3 a6 (
16... cxd4 17. Nxd4 Nxd4 18. Qxd4 $14) 17. dxc5 Qxc5 18. d4 $14 {
Assev-Piskov/Berlin op/1991/i51/281}) (12. h5 g5 13. Nf3 (13. f4 cxd4) 13...
cxd4 14. Nxd4 Nc6 15. Rae1) 12... cxd4 (12... h5 $1 13. Qg5 Nd7) 13. Bxg6 dxc3+
(13... Qc7 14. Rf3 Rg8 15. Rxf7 Qxc3+ 16. Ke2 (16. Kd1 Qxa1+ 17. Ke2 Kd8 18.
Nf3 Bd7 19. Nxd4 Rxg6 20. Qxg6 Qxd4 {
0-1 Horvath,A-Hoang Thanh Trang/Budapest 1998/EXT 2002 (32)}) 16... d3+ 17.
cxd3 Qxe5+ 18. Kf3 Rf8 19. Rf5+ Kd7 20. Rxf8 {
1-0 Euwe,M-Maroczy,G/Bad Aussee 1921/HCL (28)}) 14. Ke1 {Neuerung} (14. Kd1 Rf8
(14... Qc7 15. Rf3 Rg8 16. Qa4+ Bd7 17. Bxf7+ Kd8 18. Qa3 Qc4 19. Ne2 Bb5 20.
Nxc3 Rh8 21. Qa5+ {1-0 Euwe,M-Te Kolste,J/Nijmegen 1921/EXT 99 (21)}) 15. Rf3
Qc5 16. Bh5 Nc6 17. Qf4 (17. Rxf7 Rxf7 18. Qg8+ Qf8 19. Bxf7+ Ke7 20. Qxf8+ {
1-0 Zontakh,A-Hoang Thanh Trang/Budapest 1999/CBM 72 (72)}) 17... Qd4+ $6 18.
Qxd4 Nxd4 19. Rf6 {
1-0 Mittelberger,P-Hengl,C/Austria 1998/EXT 2000 (47) - die Vorlauferpartie})
14... Rf8 (14... Qc7 15. Bh5 Qxe5+ 16. Re3 Qh2 17. Ke2 {war wohl die Idee}) 15.
Rf3 Qc5 16. Bh5 Nc6 17. Qg7 (17. Qf4 $2 Nd4) (17. Rxf7 Rxf7 18. Qg8+) 17... Qe7
18. Ne2 Bd7 19. Qf6 (19. Qf6 Qxf6 $17 20. Rxf6 (20. exf6 d4) 20... Nxe5 21.
Rxh6 Ke7) 1/2-1/2

[Event "AUT2W-chT 2002/03"]
[Site "?"]
[Date "2002.12.01"]
[Round "6.1"]
[White "Reich, Thomas"]
[Black "Meissner, Bernd Guenther"]
[Result "0-1"]
[WhiteElo "2397"]
[BlackElo "2382"]
[Annotator "Herbrechtsmeier"]
[PlyCount "152"]
[EventDate "2002.??.??"]
[WhiteTeam "Jenbach II"]
[BlackTeam "RUM"]

1. d4 Nf6 2. c4 c5 3. d5 e6 4. Nc3 exd5 5. cxd5 d6 6. Nf3 g6 7. Bg5 Bg7 8. e3
h6 9. Bh4 O-O 10. Nd2 Na6 11. Bc4 Nc7 12. a4 Bd7 13. O-O a6 14. a5 Bb5 15. b3
Qd7 16. h3 Nh7 17. Qc2 f5 18. f4 Rae8 19. Rae1 Kh8 20. Kh1 Bf6 21. Bg3 Qg7 22.
Nd1 Bd7 23. Bh2 Nb5 24. Be2 Bd8 25. Nc4 Nf6 26. Bf3 Ne4 27. Nf2 Bh4 28. Bxe4
Bxf2 29. Rxf2 Rxe4 30. Rc1 Be8 31. Rd2 Bf7 32. Bg3 Qf6 33. Rd3 Kh7 34. Rf1 Nc7
35. Qd1 Be8 36. Qa1 Qxa1 37. Rxa1 Bb5 38. Rc1 Ne8 39. Bh4 Rf7 40. Kg1 Kg7 41.
Be1 Rd7 (41... Rfe7 42. Kf2 g5) 42. Bc3+ Kf7 43. Bb2 Nc7 44. Kf2 Na8 45. g4
Bxc4 46. bxc4 b5 47. gxf5 bxc4 48. fxg6+ Kxg6 49. Rd2 Rde7 50. Rg1+ Kf5 51. Rg8
(51. Rg3 Re8 52. Bg7 Rg8 53. Kf3 Nc7 54. Rdg2 Nxd5 55. Rg5+ hxg5 56. Rxg5+ Ke6
57. Kxe4 Ne7) 51... Rxe3 52. Rf8+ $2 (52. Rxa8 c3 (52... Rxh3 53. Bc1 Rh1 54.
Rf8+ Kg6 55. Rd8) 53. Bxc3 Rxc3 54. Rf8+ Kg6 55. Rd8) 52... Ke4 53. Rxa8 c3 54.
Bxc3 Rf3+ 55. Kg2 Rxc3 56. Re2+ $2 (56. Rxa6 Rg7+ 57. Kh2 Rd7 58. Ra2) 56...
Re3 57. Rxe3+ Kxe3 58. Rxa6 Rg7+ 59. Kh2 (59. Kf1 Rd7) 59... c4 60. Rxd6 c3 61.
Rxh6 c2 62. Rc6 Kd2 63. f5 c1=Q 64. Rxc1 Kxc1 65. f6 Rf7 66. Kg3 Rxf6 67. Kg4
Kd2 68. Kg5 Rd6 69. h4 Ke3 70. h5 Rxd5+ 71. Kg6 Kf4 72. h6 Rd6+ 73. Kg7 (73.
Kh5 Kf5 74. h7 Rd8) 73... Kg5 74. h7 Rd7+ 75. Kg8 Kg6 76. h8=N+ Kf6 0-1